| 000 | 00740nam a22002777a 4500 | ||
|---|---|---|---|
| 999 |
_c10519 _d10519 |
||
| 001 | 10519 | ||
| 003 | BD-JhCC | ||
| 005 | 20180430191013.0 | ||
| 008 | 180430b1963 as ||||| |||| 00| 0 eng d | ||
| 020 | _a822000261 | ||
| 035 | _a(BD-JhCC)10519 | ||
| 040 |
_aBD-JhCC _dBD-JhCC |
||
| 041 | _aeng | ||
| 082 |
_a822.3 _bJEM 1963 |
||
| 100 | _a James K. Lowers | ||
| 245 |
_a King Henry IV, part 2 : notes ... / _cLowers, James K. |
||
| 260 |
_aLincoln : _bNeb. : Cliff's Notes, _c1963. |
||
| 300 |
_a68 p. : _c22 cm. |
||
| 650 | _aKing Henry IV (Shakespeare, William) | ||
| 650 | _aHenry IV, King of England, 1367-1413 | ||
| 650 | _aExaminations | ||
| 650 | _aLiterature | ||
| 650 | _aDrama | ||
| 942 |
_2ddc _cBK |
||